000 00558nam a2200217Ia 4500
003 OSt
005 20220918230020.0
006 a|||||r|||| 00| 0
007 ta
008 220917b |||||||| |||| 00| 0 eng d
024 _a247,758
037 _cTextual
040 _aARTS
_cARTS
_beng
041 _2eng
_aeng
082 _aX7.2,d, M4
100 _aUppal J.S.
245 0 _aPublic financial institutions in India
260 _aDelhi
_bMacmillan India
_c1984
942 _hX7.2,d, M4
_cTEXL
_2CC
999 _c286759
_d286759